| 000 | 00818cab a2200229 4500 | ||
|---|---|---|---|
| 001 | ABS51987 | ||
| 008 | 090401t1994 xxu||||| |||| 00| 0 eng d | ||
| 035 | _a(Sirsi) u53833 | ||
| 041 | _aeng | ||
| 245 | _aExpert witness | ||
| 260 | _c1994 | ||
| 350 | _a0 | ||
| 490 |
_aSolicitors` Journal _vSupplement 16 December 1994 (LOAN) |
||
| 520 | _aA broad look at the subject with two contributions pertinent to property: when an expert witness is needed in disputes with architects and the pitfalls for surveyors providing valuation advice for types of property outside their experience. | ||
| 650 | _aARCHITECTS | ||
| 650 |
_aEXPERT WITNESS _96239 |
||
| 650 | _aFORENSIC ACCOUNTANTS | ||
| 650 | _aVALUERS | ||
| 690 | _aMANAGEMENT-BUSINESS MANAGEMENT-PROFESSIONAL PRACTICE | ||
| 942 | _n0 | ||
| 948 | _c04/03/1997 | ||
| 999 |
_c33077 _d33077 |
||